|
|
|
|
| LEADER |
01150cam a2200265 7i4500 |
| 001 |
0000054526 |
| 005 |
20200922090000.0 |
| 020 |
|
|
|a 9781614992707
|
| 090 |
0 |
0 |
|a Z286.E43
|b I59 2013
|
| 111 |
1 |
|
|a ICCC International Conference on Electronic Publishing
|c Karlskrona, Sweden
|d 2013
|n 17th
|
| 245 |
1 |
0 |
|a Mining the digital information networks :
|b proceedings of the 17th International Conference on Electronic Publishing
|c edited by Niklas Lavesson, Peter Linde and Panayiota Polydoratou.
|
| 264 |
|
1 |
|a Amsterdam:
|b IOS Press,
|c 2013.
|
| 300 |
|
|
|a 1 online resource (xii, 101 pages):
|b illustrations, text file, PDF.
|
| 336 |
|
|
|a text
|2 rdacontent
|
| 337 |
|
|
|a computer
|2 rdamedia
|
| 338 |
|
|
|a online resource
|2 rdacarrier
|
| 650 |
0 |
0 |
|a Open access publishing
|
| 650 |
0 |
0 |
|a Electronic publishing
|
| 650 |
0 |
0 |
|a Data mining
|
| 700 |
1 |
|
|a Polydoratou, Panayiota
|
| 700 |
1 |
|
|a Linde, Peter
|
| 700 |
1 |
|
|a Lavesson, Niklas
|
| 856 |
4 |
2 |
|u http://library.unisel.edu.my/equip-unisel/custom/ebook_catalog/ebook/MININGTHEDIGITALINFORMATIONNETWORKScompressed.pdf
|
| 997 |
|
|
|a Health Sciences, Faculty
|
| 999 |
|
|
|a EBO0001110
|b EBOOK
|c EBOOK
|e Electronic resources
|